000 00530nam a2200193Ia 4500
003 OSt
005 20250801162421.0
008 210210b1999 xxu||||| |||| 00| 0 eng d
040 _cAL
041 _aKannada
082 _aK894.9 BASN
100 _aBASAVARAJA SABARADA.
_dಬಸವರಾಜ ಸಬರದ
_9233670
245 _aNiranjana
_bನಿರಂಜನ
260 _aMaisuru
_bPrasaranga, Maisuru Vishvavidyanilaya.
_c1999
300 _av,83
690 _aKannada Criticism
_9233672
906 _a060434
942 _2ddc
_cBK
999 _c107635
_d107635